00624nam a2200181Ia 4500010002800000020002600028035001300054035001700067035001300084037001300097082001000110100002100120245017000141260003500311270004100346300003700387700001800424 aBAC-EN21 ENG-111460 a9788122308006c135.00 aEN-94992 aB-587755-791 aB-664972 bDBAD/PUB a650.1 aVas, Anita S. R. aSolve your problems- the Birbal way :cby Anita S. R. Vas [and] Luis S. R. Vasbinsight from the legendary guru to solve family, professional and business problems / c2014aNew Delhi bPustak Mahal aJ-3/16, DaryaganjbNew Delhie110002 c23cm(Hb)a200p. :bill.e1CD-ROM aVas,Luis S.R.